000 00298nam a22001217a 4500
082 _a300
_bCBSE/P
100 _aCBSE
245 _aPERFORMANCE ANALYSIS STUDY REPOT IN SOCIAL SCIENCE
_bCLASS X
260 _aDELHI
_bCBSE
_c2005
300 _a88
650 _aSOCIAL SCIENCE FOR CLASS X
_zINDIA
942 _cBK
999 _c869
_d869